| 000 | 01006nam a2200361 a 4500 | ||
|---|---|---|---|
| 003 | AR-BaBNM | ||
| 005 | 20251128210213.0 | ||
| 008 | 082120s2002 ||||||||||||||000 | spa|| | ||
| 020 | _a84-207-6615-1 | ||
| 040 | _cAR-BaBNM | ||
| 245 | 0 | 0 | _aAlimentación y consumo |
| 260 |
_aMadrid _bAnaya _c1995 |
||
| 300 |
_a287 p. _btablas, gráfs., diagr. |
||
| 490 | 0 | _aHacer Reforma | |
| 504 | _aContiene bibliografía p. 281-287 | ||
| 650 | 4 | _aSALUD | |
| 650 | 4 | _aCOSTUMBRES ALIMENTARIAS | |
| 650 | 4 | _aEDUCACION DEL CONSUMIDOR | |
| 650 | 4 | _aALIMENTACION | |
| 650 | 4 | _aHISTORIA | |
| 650 | 4 | _aECOLOGIA | |
| 650 | 4 | _aNUTRICION | |
| 650 | 4 | _aMEDIO AMBIENTE | |
| 653 | _aEDUCACION PARA LA SALUD | ||
| 653 | _aTEMAS TRANSVERSALES | ||
| 700 | 1 | _aFernández Guerrero, Concepción | |
| 700 | 1 | _aGarcía Arranz, María Teresa | |
| 700 | 1 | _aGraciani Mira, María José | |
| 700 | 1 | _aSánchez Sierro, Aurora | |
| 800 | 1 |
_aGonzález Licini, Fernando _edirector |
|
| 942 | _cBK | ||
| 998 | _cRaquel | ||
| 999 |
_c14493 _d14493 |
||